[Event "European School Championships"]
[Site "Rhodes, Greece"]
[Date "2022.04.25"]
[Round "5.3"]
[White "Gabadadze, Gabriel"]
[Black "Ochedzan, Filip"]
[Result "0-1"]
[WhiteElo "1507"]
[BlackElo "1873"]
[PlyCount "126"]
[EventDate "2022.04.21"]
[EventRounds "9"]

1. e4 c5 {[%emt 0:00:20]} 2. Nf3 {[%emt 0:00:05]} d6 {[%emt 0:00:13]} 3. c3 {
[%emt 0:00:08]} Nf6 {[%emt 0:00:58]} 4. Bb5+ {[%emt 0:00:29]} Nbd7 {[%emt 0:02:
12]} 5. Qe2 {[%emt 0:00:17]} a6 {[%emt 0:02:42]} 6. Ba4 {[%emt 0:00:23]} b5 {
[%emt 0:06:16]} 7. Bc2 {[%emt 0:00:09]} Bb7 {[%emt 0:03:21]} 8. d4 {[%emt 0:01:
35]} e6 {[%emt 0:05:37]} 9. a4 {[%emt 0:01:45]} bxa4 {[%emt 0:07:19]} 10. Rxa4
{[%emt 0:01:34]} Be7 {[%emt 0:01:08]} 11. O-O {[%emt 0:00:54]} O-O {[%emt 0:04:
43]} 12. Re1 {[%emt 0:04:57]} e5 {[%emt 0:04:52]} 13. d5 {[%emt 0:02:20]} Ne8 {
[%emt 0:03:38]} 14. c4 {[%emt 0:07:34]} g6 {[%emt 0:05:52]} 15. Bh6 {[%emt 0:
09:51]} Ng7 {[%emt 0:00:22]} 16. Ra3 {[%emt 0:01:45]} Bc8 {[%emt 0:03:16]} 17.
Nfd2 {[%emt 0:09:19]} Bg5 {[%emt 0:02:40]} 18. Bxg5 {[%emt 0:00:19]} Qxg5 {
[%emt 0:00:11]} 19. Rg3 {[%emt 0:06:14]} Qe7 {[%emt 0:02:05]} 20. Nf1 {[%emt 0:
02:46]} Rb8 {[%emt 0:02:05]} 21. b3 {[%emt 0:00:51]} Nf6 {[%emt 0:03:28]} 22.
Rc3 {[%emt 0:07:20]} Nfh5 {[%emt 0:02:35]} 23. g3 {[%emt 0:02:26]} Qg5 {
[%emt 0:04:35]} 24. Qe3 {[%emt 0:04:43]} Qd8 {[%emt 0:06:31]} 25. Qe2 {[%emt 0:
02:23]} f5 {[%emt 0:04:54]} 26. f3 {[%emt 0:02:43]} Nf6 {[%emt 0:02:45]} 27.
Kg2 {[%emt 0:02:36]} g5 {[%emt 0:02:28]} 28. Ne3 {[%emt 0:04:10]} f4 {[%emt 0:
01:56]} 29. Nd1 {[%emt 0:03:33]} g4 {[%emt 0:02:40]} 30. Nf2 {[%emt 0:02:25]}
gxf3+ {[%emt 0:01:05]} 31. Rxf3 {[%emt 0:00:40]} Nfh5 {[%emt 0:02:21]} 32. Rf1
{[%emt 0:02:43]} Qg5 {[%emt 0:02:35]} 33. Nc3 {[%emt 0:03:17]} Bd7 {[%emt 0:02:
25]} 34. Qd2 {[%emt 0:00:40]} Qg6 {[%emt 0:00:59]} 35. Ne2 {[%emt 0:01:52]}
fxg3 {[%emt 0:01:21]} 36. Rxf8+ {[%emt 0:00:33]} Rxf8 {[%emt 0:00:09]} 37. hxg3
{[%emt 0:00:20]} Nf4+ {[%emt 0:05:28]} 38. Nxf4 {[%emt 0:00:10]} exf4 {[%emt 0:
00:24]} 39. Nh1 {[%emt 0:00:51]} f3+ {[%emt 0:01:34]} 40. Rxf3 {[%emt 0:02:32]}
Bh3+ {[%emt 0:06:26]} 41. Kf2 {[%emt 0:00:19]} Rxf3+ {[%emt 0:01:13]} 42. Kxf3
{[%emt 0:00:43]} Qf6+ {[%emt 0:00:26]} 43. Ke3 {[%emt 0:02:53]} Qh6+ {[%emt 0:
01:25]} 44. Ke2 {[%emt 0:00:20]} Bg4+ {[%emt 0:00:24]} 45. Kd3 {[%emt 0:00:39]}
Qxh1 {[%emt 0:02:57]} 46. Qg5 {[%emt 0:00:41]} Qf3+ {[%emt 0:06:54]} 47. Kd2 {
[%emt 0:00:15]} h5 {[%emt 0:02:25]} 48. Qd8+ {[%emt 0:00:32]} Qf8 {[%emt 0:00:
29]} 49. Qg5 {[%emt 0:01:22]} Qe8 {[%emt 0:01:50]} 50. Ke3 {[%emt 0:01:22]} Qe5
{[%emt 0:00:58]} 51. Qxe5 {[%emt 0:00:18]} dxe5 {[%emt 0:00:08]} 52. b4 {
[%emt 0:00:13]} cxb4 {[%emt 0:02:48]} 53. c5 {[%emt 0:00:21]} Kf8 {[%emt 0:01:
29]} 54. Kd3 {[%emt 0:00:41]} a5 {[%emt 0:01:19]} 55. Ba4 {[%emt 0:00:52]} Ke7
{[%emt 0:02:43]} 56. d6+ {[%emt 0:00:25]} Kd8 {[%emt 0:00:39]} 57. c6 {[%emt 0:
00:53]} Ne8 {[%emt 0:01:30]} 58. c7+ {[%emt 0:00:44]} Nxc7 {[%emt 0:00:13]} 59.
dxc7+ {[%emt 0:00:06]} Kxc7 {[%emt 0:00:11]} 60. Kc4 {[%emt 0:00:22]} Be6+ {
[%emt 0:01:16]} 61. Kb5 {[%emt 0:00:45]} b3 {[%emt 0:00:19]} 62. Kxa5 {[%emt 0:
00:10]} b2 {[%emt 0:00:09]} 63. Bc2 {[%emt 0:00:11]} Ba2 {[%emt 0:00:06]} 0-1

[Event "European School Championships"]
[Site "Rhodes, Greece"]
[Date "2022.04.25"]
[Round "5.4"]
[White "Steiners, Emils"]
[Black "Bryant, Harry"]
[Result "1/2-1/2"]
[WhiteElo "1731"]
[BlackElo "1425"]
[PlyCount "99"]
[EventDate "2022.04.21"]
[EventRounds "9"]

1. e4 {[%emt 0:00:01]} c5 {[%emt 0:00:05]} 2. d4 {[%emt 0:00:13]} cxd4 {
[%emt 0:00:05]} 3. c3 {[%emt 0:00:05]} dxc3 {[%emt 0:00:06]} 4. Nxc3 {[%emt 0:
00:06]} Nc6 {[%emt 0:00:08]} 5. Nf3 {[%emt 0:00:44]} e6 {[%emt 0:00:21]} 6. Bc4
{[%emt 0:00:09]} Bb4 {[%emt 0:00:06]} 7. O-O {[%emt 0:03:00]} Nge7 {[%emt 0:00:
09]} 8. Be3 {[%emt 0:01:12]} Bxc3 {[%emt 0:01:32]} 9. bxc3 {[%emt 0:00:45]} d5
{[%emt 0:00:20]} 10. exd5 {[%emt 0:01:27]} exd5 {[%emt 0:00:13]} 11. Bd3 {
[%emt 0:01:05]} Bg4 {[%emt 0:00:58]} 12. Bf4 {[%emt 0:08:12]} Qd7 {[%emt 0:02:
10]} 13. h3 {[%emt 0:15:38]} Bxf3 {[%emt 0:03:26]} 14. Qxf3 {[%emt 0:00:05]}
O-O {[%emt 0:00:17]} 15. Rad1 {[%emt 0:02:48]} Rad8 {[%emt 0:03:10]} 16. Rfe1 {
[%emt 0:04:24]} Rfe8 {[%emt 0:00:57]} 17. Bc2 {[%emt 0:10:08]} Qc8 {[%emt 0:03:
42]} 18. Bg5 {[%emt 0:05:15]} h6 {[%emt 0:01:15]} 19. Bh4 {[%emt 0:02:30]} d4 {
[%emt 0:01:29]} 20. Qd3 {[%emt 0:04:08]} g6 {[%emt 0:00:47]} 21. Bxe7 {[%emt 0:
00:36]} Rxe7 {[%emt 0:02:24]} 22. Rxe7 {[%emt 0:02:40]} Nxe7 {[%emt 0:00:06]}
23. cxd4 {[%emt 0:00:40]} Nd5 {[%emt 0:00:55]} 24. Bb3 {[%emt 0:00:42]} Qc6 {
[%emt 0:04:38]} 25. Bxd5 {[%emt 0:03:58]} Qxd5 {[%emt 0:01:19]} 26. Qb3 {
[%emt 0:03:05]} Qxb3 {[%emt 0:01:02]} 27. axb3 {[%emt 0:00:06]} Kf8 {[%emt 0:
00:16]} 28. Kf1 {[%emt 0:00:06]} Ke7 {[%emt 0:01:02]} 29. Ke2 {[%emt 0:00:08]}
Kd6 {[%emt 0:00:04]} 30. Kd3 {[%emt 0:00:10]} Rd7 {[%emt 0:00:28]} 31. Rc1 {
[%emt 0:00:30]} b6 {[%emt 0:00:09]} 32. Re1 {[%emt 0:00:36]} Re7 {[%emt 0:00:
44]} 33. Rxe7 {[%emt 0:02:33]} Kxe7 {[%emt 0:00:02]} 34. d5 {[%emt 0:00:26]}
Kd6 {[%emt 0:00:15]} 35. Kc4 {[%emt 0:02:26]} a6 {[%emt 0:00:35]} 36. Kd4 {
[%emt 0:01:21]} h5 {[%emt 0:02:59]} 37. h4 {[%emt 0:00:11]} Ke7 {[%emt 0:01:57]
} 38. f3 {[%emt 0:04:13]} f6 {[%emt 0:07:05]} 39. f4 {[%emt 0:03:41]} Kd6 {
[%emt 0:00:51]} 40. f5 {[%emt 0:00:14]} gxf5 {[%emt 0:01:12]} 41. g3 {[%emt 0:
00:07]} Ke7 {[%emt 0:05:08]} 42. Kc4 {[%emt 0:04:50]} Kd6 {[%emt 0:00:45]} 43.
Kd4 {[%emt 0:00:05]} Ke7 {[%emt 0:00:05]} 44. Kc4 {[%emt 0:00:20]} Kd6 {
[%emt 0:00:07]} 45. Kd4 {[%emt 0:01:13]} f4 {[%emt 0:00:01]} 46. gxf4 f5 {
[%emt 0:00:01]} 47. Kc4 {[%emt 0:00:14]} b5+ 48. Kb4 Kxd5 49. Ka5 Kd4 {[%emt 0:
00:01]} 50. Kxa6 1/2-1/2

[Event "European School Championships"]
[Site "Rhodes, Greece"]
[Date "2022.04.25"]
[Round "5.5"]
[White "Rutkowski, Feliks"]
[Black "Tatvidze, Davit"]
[Result "1/2-1/2"]
[WhiteElo "1300"]
[BlackElo "1440"]
[PlyCount "114"]
[EventDate "2022.04.21"]
[EventRounds "9"]

1. e4 {[%emt 0:00:05]} c5 {[%emt 0:00:08]} 2. Nf3 {[%emt 0:00:07]} Nc6 {
[%emt 0:00:05]} 3. d4 {[%emt 0:00:09]} cxd4 {[%emt 0:00:08]} 4. Nxd4 {[%emt 0:
00:07]} g6 5. Nc3 {[%emt 0:00:16]} Bg7 {[%emt 0:00:05]} 6. Nb3 {[%emt 0:00:06]}
Nf6 {[%emt 0:00:35]} 7. Be3 {[%emt 0:00:17]} d6 {[%emt 0:00:08]} 8. f3 {
[%emt 0:00:04]} Be6 {[%emt 0:00:50]} 9. Qd2 {[%emt 0:01:26]} a5 {[%emt 0:01:02]
} 10. O-O-O {[%emt 0:03:25]} O-O {[%emt 0:02:45]} 11. g4 {[%emt 0:00:49]} a4 {
[%emt 0:01:07]} 12. Nd4 {[%emt 0:00:40]} Nxd4 {[%emt 0:00:38]} 13. Bxd4 {
[%emt 0:00:32]} Qa5 {[%emt 0:01:12]} 14. g5 {[%emt 0:06:42]} Nh5 {[%emt 0:00:
45]} 15. Bxg7 {[%emt 0:00:11]} Nxg7 {[%emt 0:00:07]} 16. Be2 {[%emt 0:03:40]}
Rfc8 {[%emt 0:01:19]} 17. Nd5 {[%emt 0:03:43]} Bxd5 {[%emt 0:00:20]} 18. Qxd5 {
[%emt 0:02:36]} Ne6 {[%emt 0:00:12]} 19. Qxa5 {[%emt 0:01:52]} Rxa5 {[%emt 0:
00:05]} 20. a3 {[%emt 0:00:12]} Rxg5 {[%emt 0:00:48]} 21. Rhg1 {[%emt 0:08:34]}
Rgc5 {[%emt 0:00:20]} 22. c3 {[%emt 0:00:36]} b5 {[%emt 0:01:15]} 23. Bf1 {
[%emt 0:09:45]} Nc7 {[%emt 0:07:15]} 24. Kd2 {[%emt 0:15:49]} d5 {[%emt 0:00:
45]} 25. e5 {[%emt 0:00:12]} f6 {[%emt 0:05:38]} 26. exf6 {[%emt 0:01:23]} e6 {
[%emt 0:01:46]} 27. Rg3 {[%emt 0:04:21]} Kf7 {[%emt 0:00:20]} 28. Rh3 {[%emt 0:
00:13]} h5 {[%emt 0:00:09]} 29. Rg3 {[%emt 0:00:13]} Kxf6 {[%emt 0:05:26]} 30.
Bd3 {[%emt 0:00:43]} Rg8 {[%emt 0:00:06]} 31. Rdg1 {[%emt 0:00:46]} g5 {
[%emt 0:00:07]} 32. h4 {[%emt 0:00:22]} d4 {[%emt 0:11:47]} 33. cxd4 {[%emt 0:
00:18]} Rd5 {[%emt 0:00:04]} 34. Ke3 {[%emt 0:08:57]} e5 {[%emt 0:01:36]} 35.
hxg5+ {[%emt 0:00:13]} Rxg5 {[%emt 0:00:09]} 36. Rxg5 {[%emt 0:14:54]} exd4+ {
[%emt 0:00:17]} 37. Ke4 {[%emt 0:00:24]} Rxg5 {[%emt 0:00:13]} 38. Rxg5 {
[%emt 0:03:09]} Kxg5 {[%emt 0:00:02]} 39. f4+ {[%emt 0:00:15]} Kf6 {[%emt 0:00:
59]} 40. Kxd4 {[%emt 0:07:34]} Ne6+ {[%emt 0:00:19]} 41. Ke3 {[%emt 0:00:21]}
Nc7 {[%emt 0:00:17]} 42. Kf3 {[%emt 0:00:58]} Kg7 {[%emt 0:01:50]} 43. Kg3 {
[%emt 0:12:04]} Kf6 {[%emt 0:02:11]} 44. Kh4 {[%emt 0:02:20]} Nd5 {[%emt 0:00:
09]} 45. Bxb5 {[%emt 0:00:30]} Nxf4 {[%emt 0:00:11]} 46. Bxa4 {[%emt 0:00:09]}
Ke5 {[%emt 0:00:04]} 47. Be8 {[%emt 0:09:03]} Kd6 {[%emt 0:01:07]} 48. Bxh5 {
[%emt 0:00:30]} Kc5 {[%emt 0:00:22]} 49. Kg4 {[%emt 0:01:49]} Nd3 {[%emt 0:00:
40]} 50. b3 {[%emt 0:00:11]} Nc1 {[%emt 0:00:07]} 51. Bf7 {[%emt 0:00:10]} Ne2
{[%emt 0:00:26]} 52. Kf3 {[%emt 0:02:00]} Nd4+ {[%emt 0:00:08]} 53. Ke4 {
[%emt 0:02:26]} Nb5 {[%emt 0:00:07]} 54. b4+ {[%emt 0:02:46]} Kb6 {[%emt 0:00:
05]} 55. Kd3 {[%emt 0:05:13]} Nxa3 {[%emt 0:00:16]} 56. Bc4 {[%emt 0:00:17]}
Nxc4 {[%emt 0:00:16]} 57. Kxc4 {[%emt 0:00:11]} Kc6 1/2-1/2

[Event "European School Championships"]
[Site "Rhodes, Greece"]
[Date "2022.04.26"]
[Round "6.1"]
[White "Erdogmus, Yagiz Kaan"]
[Black "Ochedzan, Filip"]
[Result "1-0"]
[WhiteElo "2358"]
[BlackElo "1873"]
[PlyCount "83"]
[EventDate "2022.04.21"]
[EventRounds "9"]

1. e4 {[%emt 0:00:03]} c5 {[%emt 0:00:11]} 2. Ne2 {[%emt 0:00:06]} d6 {[%emt 0:
01:09]} 3. g3 {[%emt 0:00:07]} Nc6 {[%emt 0:01:17]} 4. Bg2 {[%emt 0:00:44]} g6
{[%emt 0:01:52]} 5. c3 {[%emt 0:01:02]} Bg7 {[%emt 0:03:43]} 6. d4 {[%emt 0:00:
23]} cxd4 {[%emt 0:08:30]} 7. cxd4 {[%emt 0:00:11]} Bg4 {[%emt 0:00:20]} 8. f3
{[%emt 0:02:59]} Bd7 {[%emt 0:00:16]} 9. Nbc3 {[%emt 0:11:02]} a6 {[%emt 0:03:
15]} 10. a4 {[%emt 0:07:06]} e6 {[%emt 0:05:21]} 11. Be3 {[%emt 0:07:17]} Nge7
{[%emt 0:02:26]} 12. O-O {[%emt 0:04:21]} O-O {[%emt 0:11:57]} 13. b3 {[%emt 0:
05:01]} f5 {[%emt 0:07:16]} 14. Qd2 {[%emt 0:04:39]} Rf7 {[%emt 0:06:16]} 15.
Rfb1 {[%emt 0:01:55]} a5 {[%emt 0:06:42]} 16. Nb5 {[%emt 0:00:51]} Be8 {
[%emt 0:07:32]} 17. Nf4 {[%emt 0:04:29]} Qd7 {[%emt 0:03:33]} 18. Rd1 {[%emt 0:
12:12]} d5 {[%emt 0:08:28]} 19. e5 {[%emt 0:04:31]} Nc8 {[%emt 0:00:51]} 20.
Rac1 {[%emt 0:03:18]} Bf8 {[%emt 0:01:00]} 21. Bf1 {[%emt 0:04:11]} N8a7 {
[%emt 0:01:46]} 22. Nxa7 {[%emt 0:04:50]} Rxa7 {[%emt 0:00:16]} 23. Bb5 {
[%emt 0:00:13]} Qc8 {[%emt 0:02:23]} 24. Nd3 {[%emt 0:05:56]} b6 {[%emt 0:03:
41]} 25. h4 {[%emt 0:00:46]} Rac7 {[%emt 0:01:26]} 26. h5 {[%emt 0:01:06]} gxh5
{[%emt 0:01:52]} 27. Bxc6 {[%emt 0:00:57]} Rxc6 {[%emt 0:00:32]} 28. Rxc6 {
[%emt 0:00:19]} Qxc6 {[%emt 0:00:34]} 29. Rc1 {[%emt 0:00:04]} Qd7 {[%emt 0:00:
48]} 30. Bh6 {[%emt 0:01:17]} Bxh6 {[%emt 0:01:04]} 31. Qxh6 {[%emt 0:00:02]}
Rg7 {[%emt 0:00:16]} 32. Nf4 {[%emt 0:01:55]} Bf7 {[%emt 0:06:04]} 33. Kf2 {
[%emt 0:03:33]} Bg6 {[%emt 0:01:04]} 34. Ne2 {[%emt 0:02:16]} Qd8 {[%emt 0:01:
37]} 35. Rc6 {[%emt 0:01:52]} Rc7 {[%emt 0:00:49]} 36. Rxe6 {[%emt 0:02:36]}
Rc2 {[%emt 0:00:57]} 37. Rd6 {[%emt 0:00:40]} Qc7 {[%emt 0:00:51]} 38. Qg5 {
[%emt 0:01:33]} Qf7 {[%emt 0:00:33]} 39. e6 {[%emt 0:00:31]} Qc7 {[%emt 0:00:
30]} 40. Rd8+ {[%emt 0:00:04]} Kg7 {[%emt 0:00:05]} 41. Rd7+ Qxd7 {[%emt 0:00:
19]} 42. exd7 {[%emt 0:00:01]} 1-0

[Event "European School Championships"]
[Site "Rhodes, Greece"]
[Date "2022.04.26"]
[Round "6.2"]
[White "Murawski, Jan"]
[Black "Celik, Ali Alper"]
[Result "1-0"]
[WhiteElo "1439"]
[BlackElo "1534"]
[PlyCount "53"]
[EventDate "2022.04.21"]
[EventRounds "9"]

1. e4 {[%emt 0:00:02]} c5 {[%emt 0:00:12]} 2. b3 {[%emt 0:00:05]} Nc6 {[%emt 0:
00:27]} 3. Bb2 {[%emt 0:00:06]} d6 {[%emt 0:00:15]} 4. Nc3 {[%emt 0:00:42]} e6
{[%emt 0:00:27]} 5. f4 {[%emt 0:01:02]} Nf6 {[%emt 0:00:57]} 6. Nf3 {[%emt 0:
00:13]} Be7 {[%emt 0:01:32]} 7. Qe2 {[%emt 0:01:39]} O-O {[%emt 0:03:45]} 8. h3
{[%emt 0:00:46]} Nh5 {[%emt 0:03:03]} 9. O-O-O {[%emt 0:01:56]} Ng3 {[%emt 0:
00:30]} 10. Qe1 {[%emt 0:00:10]} Nxh1 {[%emt 0:00:07]} 11. Bd3 {[%emt 0:00:13]}
Bf6 {[%emt 0:07:53]} 12. Qxh1 {[%emt 0:00:27]} a6 {[%emt 0:09:56]} 13. g4 {
[%emt 0:00:22]} g6 {[%emt 0:00:29]} 14. h4 {[%emt 0:04:04]} b5 {[%emt 0:01:49]}
15. g5 {[%emt 0:03:31]} Bg7 {[%emt 0:00:18]} 16. h5 {[%emt 0:00:08]} d5 {
[%emt 0:03:19]} 17. Qh2 {[%emt 0:03:26]} c4 {[%emt 0:02:10]} 18. hxg6 {[%emt 0:
06:15]} hxg6 {[%emt 0:00:41]} 19. Rh1 {[%emt 0:00:56]} Re8 {[%emt 0:00:43]} 20.
exd5 {[%emt 0:05:18]} cxd3 {[%emt 0:15:09]} 21. dxc6 {[%emt 0:00:13]} Qa5 {
[%emt 0:05:23]} 22. Ne4 {[%emt 0:01:22]} e5 {[%emt 0:05:08]} 23. Nxe5 {[%emt 0:
05:58]} Rxe5 {[%emt 0:00:35]} 24. fxe5 {[%emt 0:05:21]} Bg4 {[%emt 0:17:19]}
25. e6 {[%emt 0:00:42]} Bh5 {[%emt 0:05:18]} 26. Bxg7 {[%emt 0:00:39]} Qxa2 {
[%emt 0:00:37]} 27. Bb2 {[%emt 0:00:27]} 1-0

[Event "European School Championships"]
[Site "Rhodes, Greece"]
[Date "2022.04.26"]
[Round "6.3"]
[White "Bryant, Harry"]
[Black "Kuru, Atilla"]
[Result "0-1"]
[WhiteElo "1425"]
[BlackElo "2029"]
[PlyCount "110"]
[EventDate "2022.04.21"]
[EventRounds "9"]

1. e4 {[%emt 0:00:30]} e6 {[%emt 0:00:04]} 2. d4 {[%emt 0:00:06]} d5 {[%emt 0:
00:04]} 3. Nd2 {[%emt 0:00:04]} c5 {[%emt 0:00:06]} 4. exd5 {[%emt 0:00:04]}
Qxd5 {[%emt 0:00:06]} 5. Ngf3 {[%emt 0:00:08]} cxd4 {[%emt 0:00:05]} 6. Bc4 {
[%emt 0:00:06]} Qd6 {[%emt 0:00:02]} 7. O-O {[%emt 0:00:09]} Nf6 {[%emt 0:00:
02]} 8. Re1 {[%emt 0:00:06]} Nc6 {[%emt 0:00:09]} 9. Ne4 {[%emt 0:00:23]} Nxe4
{[%emt 0:00:08]} 10. Rxe4 {[%emt 0:00:06]} Be7 {[%emt 0:04:25]} 11. Bf4 {
[%emt 0:00:18]} Qc5 {[%emt 0:00:38]} 12. Bd3 {[%emt 0:00:09]} O-O {[%emt 0:00:
51]} 13. Nxd4 {[%emt 0:00:47]} Nxd4 {[%emt 0:05:54]} 14. Rxd4 {[%emt 0:00:49]}
e5 {[%emt 0:00:47]} 15. Qh5 {[%emt 0:02:15]} f5 {[%emt 0:00:12]} 16. Rc4 {
[%emt 0:00:48]} Qd6 {[%emt 0:01:41]} 17. Be3 {[%emt 0:01:41]} Be6 {[%emt 0:05:
12]} 18. Bc5 {[%emt 0:01:08]} Qc7 {[%emt 0:00:20]} 19. Bxe7 {[%emt 0:00:17]}
Qxe7 {[%emt 0:00:07]} 20. Rc3 {[%emt 0:06:15]} Qb4 {[%emt 0:04:47]} 21. Rc7 {
[%emt 0:16:21]} e4 {[%emt 0:03:52]} 22. Bf1 {[%emt 0:01:38]} Qxb2 {[%emt 0:01:
46]} 23. Rd1 {[%emt 0:01:28]} Rae8 {[%emt 0:03:09]} 24. Qg5 {[%emt 0:01:32]}
Qe5 {[%emt 0:13:03]} 25. Rxb7 {[%emt 0:00:58]} h6 {[%emt 0:00:22]} 26. Qc1 {
[%emt 0:01:13]} f4 {[%emt 0:02:39]} 27. Re1 {[%emt 0:01:11]} Bd5 {[%emt 0:00:
57]} 28. Qb2 {[%emt 0:01:16]} Bxb7 {[%emt 0:00:55]} 29. Qxb7 {[%emt 0:00:14]}
e3 {[%emt 0:00:39]} 30. f3 {[%emt 0:00:40]} Rc8 {[%emt 0:02:55]} 31. Bd3 {
[%emt 0:00:28]} Qd4 {[%emt 0:01:17]} 32. Qb3+ {[%emt 0:00:33]} Kh8 {[%emt 0:00:
17]} 33. Qe6 {[%emt 0:00:18]} Qc3 {[%emt 0:11:54]} 34. Kf1 {[%emt 0:01:02]} Qc6
{[%emt 0:01:22]} 35. Qxc6 {[%emt 0:00:40]} Rxc6 {[%emt 0:00:09]} 36. Rb1 {
[%emt 0:00:11]} Rb6 {[%emt 0:00:16]} 37. Rxb6 {[%emt 0:00:32]} axb6 {[%emt 0:
00:02]} 38. a4 {[%emt 0:00:16]} Ra8 {[%emt 0:00:51]} 39. Bb5 {[%emt 0:00:21]}
Rc8 {[%emt 0:00:06]} 40. Bd3 {[%emt 0:00:11]} Rc3 {[%emt 0:00:11]} 41. Ke2 {
[%emt 0:00:12]} Ra3 {[%emt 0:00:47]} 42. Bb5 Ra2 {[%emt 0:00:15]} 43. Bd3 {
[%emt 0:00:24]} Rxa4 {[%emt 0:00:09]} 44. g3 {[%emt 0:00:08]} g5 {[%emt 0:00:
04]} 45. gxf4 {[%emt 0:00:17]} gxf4 {[%emt 0:00:01]} 46. h4 {[%emt 0:00:15]}
Rd4 {[%emt 0:00:05]} 47. h5 {[%emt 0:00:16]} Rxd3 {[%emt 0:00:17]} 48. Kxd3 {
[%emt 0:00:07]} Kg7 {[%emt 0:00:05]} 49. c4 {[%emt 0:00:08]} Kf6 {[%emt 0:00:
05]} 50. c5 {[%emt 0:00:28]} bxc5 {[%emt 0:00:06]} 51. Ke4 {[%emt 0:00:04]} e2
{[%emt 0:00:07]} 52. Kxf4 {[%emt 0:00:06]} e1=Q {[%emt 0:00:11]} 53. Kg4 {
[%emt 0:00:06]} Qg1+ {[%emt 0:00:14]} 54. Kf4 {[%emt 0:00:08]} Ke6 {[%emt 0:00:
10]} 55. Ke4 {[%emt 0:00:13]} Qd4# {[%emt 0:00:02]} 0-1

[Event "European School Championships"]
[Site "Rhodes, Greece"]
[Date "2022.04.26"]
[Round "6.4"]
[White "Tatvidze, Davit"]
[Black "Steiners, Emils"]
[Result "1/2-1/2"]
[WhiteElo "1440"]
[BlackElo "1731"]
[PlyCount "127"]
[EventDate "2022.04.21"]
[EventRounds "9"]

1. c4 {[%emt 0:00:02]} e6 {[%emt 0:00:10]} 2. Nc3 {[%emt 0:00:05]} d5 {[%emt 0:
00:18]} 3. d4 {[%emt 0:00:05]} c6 {[%emt 0:00:14]} 4. e4 {[%emt 0:00:04]} dxe4
{[%emt 0:01:30]} 5. Nxe4 {[%emt 0:00:02]} Bb4+ {[%emt 0:01:04]} 6. Nc3 {
[%emt 0:00:08]} Nf6 {[%emt 0:08:01]} 7. a3 {[%emt 0:08:13]} Be7 {[%emt 0:03:54]
} 8. Nf3 {[%emt 0:00:15]} O-O {[%emt 0:02:20]} 9. Bd3 {[%emt 0:00:19]} Nbd7 {
[%emt 0:00:52]} 10. O-O {[%emt 0:02:01]} a5 {[%emt 0:02:48]} 11. Bf4 {[%emt 0:
00:44]} b6 {[%emt 0:03:18]} 12. Qc2 {[%emt 0:00:21]} h6 {[%emt 0:04:14]} 13.
Rad1 {[%emt 0:01:26]} Bb7 {[%emt 0:04:50]} 14. Ne5 {[%emt 0:08:40]} Qc8 {
[%emt 0:07:53]} 15. Ne4 {[%emt 0:01:37]} Nxe4 {[%emt 0:01:01]} 16. Nxd7 {
[%emt 0:02:14]} Qxd7 {[%emt 0:00:41]} 17. Bxe4 {[%emt 0:00:11]} Rac8 {[%emt 0:
03:21]} 18. Qb3 {[%emt 0:03:51]} b5 {[%emt 0:05:28]} 19. d5 {[%emt 0:01:34]}
cxd5 {[%emt 0:04:40]} 20. cxd5 {[%emt 0:00:03]} exd5 {[%emt 0:04:19]} 21. Bxd5
{[%emt 0:00:16]} Bxd5 {[%emt 0:00:45]} 22. Rxd5 {[%emt 0:00:14]} Qg4 {[%emt 0:
01:59]} 23. Bd2 {[%emt 0:00:08]} a4 {[%emt 0:02:56]} 24. Qd3 {[%emt 0:18:37]}
Rfd8 {[%emt 0:03:45]} 25. Qxb5 {[%emt 0:03:12]} Rxd5 {[%emt 0:00:26]} 26. Qxd5
{[%emt 0:00:09]} Rd8 {[%emt 0:00:34]} 27. Qa5 {[%emt 0:00:14]} Qe2 {[%emt 0:03:
18]} 28. Bb4 {[%emt 0:17:56]} Rd1 {[%emt 0:03:20]} 29. Rxd1 {[%emt 0:00:21]}
Qxd1+ {[%emt 0:00:07]} 30. Be1 {[%emt 0:00:02]} Bf6 {[%emt 0:04:20]} 31. Qa8+ {
[%emt 0:02:16]} Kh7 {[%emt 0:05:39]} 32. Qe4+ {[%emt 0:00:13]} g6 {[%emt 0:00:
58]} 33. Qe8 {[%emt 0:00:06]} Bxb2 {[%emt 0:04:44]} 34. Qxf7+ {[%emt 0:00:24]}
Bg7 {[%emt 0:00:07]} 35. Qe7 {[%emt 0:00:07]} Qa1 {[%emt 0:02:21]} 36. g3 {
[%emt 0:03:15]} Qe5 {[%emt 0:04:56]} 37. Qxe5 {[%emt 0:00:28]} Bxe5 {[%emt 0:
00:05]} 38. Bb4 {[%emt 0:00:50]} Kg7 {[%emt 0:00:10]} 39. Kg2 {[%emt 0:01:41]}
Kf6 {[%emt 0:01:43]} 40. Kf3 {[%emt 0:01:01]} Bd4 {[%emt 0:01:21]} 41. g4 {
[%emt 0:02:35]} Ke6 {[%emt 0:00:50]} 42. Ke4 {[%emt 0:02:18]} Bxf2 {[%emt 0:00:
34]} 43. h3 {[%emt 0:00:33]} h5 {[%emt 0:00:11]} 44. gxh5 {[%emt 0:00:07]} gxh5
{[%emt 0:00:05]} 45. Kf3 {[%emt 0:00:15]} Bg1 {[%emt 0:00:33]} 46. Ke4 {
[%emt 0:00:10]} h4 {[%emt 0:01:58]} 47. Bf8 {[%emt 0:00:23]} Kf6 {[%emt 0:00:
53]} 48. Bd6 {[%emt 0:00:16]} Kg5 {[%emt 0:02:40]} 49. Be7+ {[%emt 0:00:10]}
Kh5 {[%emt 0:00:06]} 50. Kf5 {[%emt 0:02:22]} Bf2 {[%emt 0:00:45]} 51. Bf8 {
[%emt 0:00:17]} Be3 {[%emt 0:00:14]} 52. Be7 {[%emt 0:00:18]} Bf2 {[%emt 0:00:
11]} 53. Bf8 {[%emt 0:00:13]} Bg1 {[%emt 0:00:05]} 54. Be7 {[%emt 0:00:05]} Bf2
{[%emt 0:00:11]} 55. Bf8 {[%emt 0:00:05]} Bg1 {[%emt 0:00:14]} 56. Be7 {
[%emt 0:00:09]} Ba7 {[%emt 0:00:25]} 57. Bf8 {[%emt 0:00:20]} Bg1 {[%emt 0:00:
08]} 58. Be7 {[%emt 0:00:10]} Ba7 {[%emt 0:00:53]} 59. Bf8 {[%emt 0:00:08]} Bg1
{[%emt 0:00:07]} 60. Be7 {[%emt 0:00:25]} Bd4 {[%emt 0:00:41]} 61. Bf8 {
[%emt 0:00:32]} Bg1 {[%emt 0:00:20]} 62. Be7 {[%emt 0:00:16]} Ba7 {[%emt 0:00:
16]} 63. Bf8 {[%emt 0:00:08]} Bg1 {[%emt 0:00:17]} 64. Be7 {[%emt 0:00:04]}
1/2-1/2

[Event "European School Championships"]
[Site "Rhodes, Greece"]
[Date "2022.04.26"]
[Round "6.5"]
[White "Bekmukhanov, Sauran"]
[Black "Ward, Cian"]
[Result "0-1"]
[WhiteElo "1639"]
[BlackElo "1367"]
[PlyCount "36"]
[EventDate "2022.04.21"]
[EventRounds "9"]

1. e4 {[%emt 0:00:02]} e5 {[%emt 0:00:06]} 2. Nf3 {[%emt 0:00:03]} Nc6 {
[%emt 0:00:04]} 3. Bb5 {[%emt 0:00:05]} a6 {[%emt 0:00:13]} 4. Bxc6 {[%emt 0:
00:05]} dxc6 {[%emt 0:00:04]} 5. O-O {[%emt 0:00:08]} Bg4 {[%emt 0:00:03]} 6.
h3 {[%emt 0:00:09]} h5 {[%emt 0:00:08]} 7. d3 {[%emt 0:00:33]} Qf6 {[%emt 0:00:
13]} 8. hxg4 {[%emt 0:01:21]} hxg4 {[%emt 0:00:14]} 9. Bg5 {[%emt 0:00:07]} Qg6
{[%emt 0:00:30]} 10. Nxe5 {[%emt 0:00:48]} Qh5 {[%emt 0:00:45]} 11. f4 {
[%emt 0:04:05]} Bc5+ {[%emt 0:05:53]} 12. d4 {[%emt 0:01:57]} g3 {[%emt 0:00:
13]} 13. Qxh5 {[%emt 0:08:40]} Bxd4+ {[%emt 0:00:10]} 14. Rf2 {[%emt 0:02:48]}
gxf2+ {[%emt 0:00:28]} 15. Kh2 {[%emt 0:01:29]} Rxh5+ {[%emt 0:00:07]} 16. Kg3
{[%emt 0:00:05]} f1=Q {[%emt 0:00:33]} 17. Nc3 {[%emt 0:01:39]} Qxa1 {[%emt 0:
00:28]} 18. Nd5 {[%emt 0:00:40]} Rxg5+ {[%emt 0:00:55]} 0-1